000
00248nam a22000857a 4500
008
160912b xxu||||| |||| 00| 0 eng d
100
_9
405
_a
Jiwan ltd India
245
_a
Science Lab Manual with Sample papers
260
_a
New Delhi
_b
Jiwan publication
_c
2008
999
_c
3063
_d
3063